000 00401 a2200169 4500
001 187900
020 _a978-85-06-04538-1
040 _cMagnum
100 _aSampaio, Maria Alice de a
240 1 0 _aViagem ao centro da terra
_lpor
245 1 0 _aViagem ao centro da terra
300 _a128
362 0 _a2008
440 1 _aMelhoramentos
697 _aLITERATURA JUVENIL ESTRANGEIRA
942 _cBK
999 _c187900
_d187900